Statistiques concernant De quel album vient cette musique de Arctic Monkeys ?

Cliquez ici pour prendre le quiz!

Statistiques générales

  • Ce quiz a été pris 157 fois
  • Le résultat moyen est 11 sur 15

Statistiques - réponses

QuestionRéponse% Correct
505
98%
Old Yellow Bricks
90%
Cornerstone
76%
One For The Road
75%
The Ultracheese
72%
Mad Sounds
72%
This House is a Circus
72%
A Certain Romance
71%
Hello You
70%
Mr Schwartz
68%
Dangerous Animals
68%
She's Thunderstorms
68%
Riot Van
68%
Still Take You Home
66%
She looks like fun
65%

Distribution des résultats

Percentile par nombre de réponses

% des personnes avec chaque résultat

Votre développement - résultats

Vous n’avez pas pris ce quiz